| 000 | 01858nac a22003371u 4500 | ||
|---|---|---|---|
| 008 | 100523m19861998nyu|||||s|||| 000 0 eng d | ||
| 082 |
_a781.642 _222 _bCHA |
||
| 100 |
_aCharles, Ray _914166 _d1930-2004 |
||
| 245 |
_aSuper Hits : _bRay Charles & Friends _cRay Charles |
||
| 260 |
_aNew York : _bColumbia, 1998 _c1998 |
||
| 300 |
_a1 sound disc : _bdigital, stereo. ; _c4 3/4 in. |
||
| 500 | _aThis Package was previoulsy released as Friendship | ||
| 500 | _aExecutive producer, Margie Hunt ; produced by Billy Sherrill | ||
| 505 | _aTwo old cats like us (with Hank Williams, Jr.) -- This old heart (is gonna rise again) (with Oak Ridge Boys) -- We didn't see a thing (with George Jones and featuring Chet Atkins) -- Who cares (with Janie Fricke) -- Rock and roll shoes (with B.J. Thomas) -- Friendship (with Ricky Skaggs) -- It ain't gonna worry my mind (with Mickey Gilley) -- Little hotel room (with Merle Haggard) -- Crazy old soldier (with Johnny Cash) -- Seven Spanish angels (with Willie Nelson). | ||
| 650 |
_aPopular music _914182 _y1981-1990 |
||
| 650 |
_aCountry music _914180 _y1981-1990 |
||
| 700 |
_914186 _aWilliams, Hank _d1949- |
||
| 700 |
_914187 _aJones, George _d1931- |
||
| 700 |
_914188 _aAtkins, Chet _d1931- |
||
| 700 |
_914189 _aFricke, Janie _d1931- |
||
| 700 |
_914190 _aThomas, B. J. _d1931- |
||
| 700 |
_914191 _aSkaggs, Ricky _d1931- |
||
| 700 |
_914192 _aGilley, Mickey _d1931- |
||
| 700 |
_914194 _aHaggard, Merle _d1931- |
||
| 700 |
_914196 _aCash, Johnny _d1931- |
||
| 700 |
_914198 _aNelson, Willie _d1933- |
||
| 700 |
_914196 _aCash, Johnny _d1931- |
||
| 700 |
_914199 _aOak Ridge Boys (Musical group) _d1931- |
||
| 942 |
_cCDR _k781.642 CHA _2ddc |
||
| 999 |
_c5010 _d5010 |
||